| 000 | 00550nam a22002177a 4500 | ||
|---|---|---|---|
| 999 |
_c9880 _d9880 |
||
| 001 | 9880 | ||
| 003 | BD-JhCC | ||
| 005 | 20180403180605.0 | ||
| 008 | 180402s1966 II ||||| |||| 00| 0 eng d | ||
| 035 | _a(BD-JhCC) 9880 | ||
| 040 |
_aBD-JhCC _dBD-JhCC |
||
| 041 | _aeng | ||
| 082 |
_a330.547 _bAKT 1966 |
||
| 100 | _aAkhtar, S.M | ||
| 245 |
_aPakistan A developing Economy / _bS. M. Akhtar |
||
| 260 |
_aLondon : _bPublishers United Ltd _c1966 |
||
| 300 |
_a348. p : _c21 cm |
||
| 650 | _aEconomic Development | ||
| 942 |
_2ddc _cBK |
||